<?xml version="1.0" encoding="UTF-8"?>
<record
    xmlns:xsi="http://www.w3.org/2001/XMLSchema-instance"
    xsi:schemaLocation="http://www.loc.gov/MARC21/slim http://www.loc.gov/standards/marcxml/schema/MARC21slim.xsd"
    xmlns="http://www.loc.gov/MARC21/slim">

  <leader>01243nam a22003137i 4500</leader>
  <datafield tag="999" ind1=" " ind2=" ">
    <subfield code="c">169709</subfield>
    <subfield code="d">169709</subfield>
  </datafield>
  <controlfield tag="005">20181031164509.0</controlfield>
  <controlfield tag="008">180930s2017    my ao||e |||| 00| 0 may d</controlfield>
  <datafield tag="020" ind1=" " ind2=" ">
    <subfield code="a">9786026579287</subfield>
    <subfield code="c">RM179.00</subfield>
    <subfield code="q">hardback</subfield>
  </datafield>
  <datafield tag="040" ind1=" " ind2=" ">
    <subfield code="a">PPAK</subfield>
    <subfield code="b">eng</subfield>
    <subfield code="c">PPAK</subfield>
    <subfield code="e">rda</subfield>
  </datafield>
  <datafield tag="041" ind1="1" ind2=" ">
    <subfield code="a">may</subfield>
    <subfield code="h">ara</subfield>
  </datafield>
  <datafield tag="082" ind1="0" ind2="4">
    <subfield code="2">23</subfield>
    <subfield code="a">956.1015</subfield>
  </datafield>
  <datafield tag="090" ind1="0" ind2="0">
    <subfield code="a">956.1015</subfield>
    <subfield code="b">SHA</subfield>
    <subfield code="d">R</subfield>
  </datafield>
  <datafield tag="100" ind1="1" ind2=" ">
    <subfield code="a">Ash-Shallabi, Ali Muhammad,</subfield>
    <subfield code="c">Dr.,</subfield>
    <subfield code="e">author.</subfield>
  </datafield>
  <datafield tag="245" ind1="1" ind2="0">
    <subfield code="a">SEJARAH DAULAH UTSMANIYAH :</subfield>
    <subfield code="b">FAKTOR-FAKTOR KEBANGKITAN &amp; SEBAB-SEBAB KERUNTUHANNYA /</subfield>
    <subfield code="c">DR. ALI MUHAMMAD ASH-SHALLABI ; translated by Imam Fauzi ; edited by Firman Arifianto , M. Muflih</subfield>
  </datafield>
  <datafield tag="246" ind1="1" ind2="3">
    <subfield code="a">Ad-Daulah al-'Utsmaniyyah awamil an-nuhudh wa asbab as-sukuth</subfield>
  </datafield>
  <datafield tag="250" ind1=" " ind2=" ">
    <subfield code="a">Cetakan 1</subfield>
  </datafield>
  <datafield tag="264" ind1=" " ind2="1">
    <subfield code="a">Jakarta Timur, Indonesia :</subfield>
    <subfield code="b">UMMUL QURA,</subfield>
    <subfield code="c">2017</subfield>
  </datafield>
  <datafield tag="300" ind1=" " ind2=" ">
    <subfield code="a">xxvii, 960 pages :</subfield>
    <subfield code="b">illustrations , photograph ;</subfield>
    <subfield code="c">25 cm</subfield>
  </datafield>
  <datafield tag="336" ind1=" " ind2=" ">
    <subfield code="2">rdacontent</subfield>
    <subfield code="a">text</subfield>
  </datafield>
  <datafield tag="337" ind1=" " ind2=" ">
    <subfield code="2">rdamedia</subfield>
    <subfield code="a">unmediated</subfield>
  </datafield>
  <datafield tag="338" ind1=" " ind2=" ">
    <subfield code="2">rdacarrier</subfield>
    <subfield code="a">volume</subfield>
  </datafield>
  <datafield tag="500" ind1=" " ind2=" ">
    <subfield code="a">Contains verses from the Qur'an and quotes from the Hadith.</subfield>
  </datafield>
  <datafield tag="504" ind1=" " ind2=" ">
    <subfield code="a">Includes indexing : pages 947 -960</subfield>
  </datafield>
  <datafield tag="650" ind1="1" ind2="0">
    <subfield code="a">Turkey</subfield>
    <subfield code="x">History</subfield>
    <subfield code="x">Ottoman Empire,1288-1918</subfield>
  </datafield>
  <datafield tag="700" ind1="0" ind2=" ">
    <subfield code="a">Imam Fauzi,</subfield>
    <subfield code="e">translator.</subfield>
  </datafield>
  <datafield tag="700" ind1="0" ind2=" ">
    <subfield code="a">Firman Arifianto,</subfield>
    <subfield code="e">editor.</subfield>
  </datafield>
  <datafield tag="700" ind1="1" ind2=" ">
    <subfield code="a">Muflih, M.</subfield>
    <subfield code="e">editor.</subfield>
  </datafield>
  <datafield tag="942" ind1=" " ind2=" ">
    <subfield code="2">ddc</subfield>
    <subfield code="c">B</subfield>
  </datafield>
  <datafield tag="952" ind1=" " ind2=" ">
    <subfield code="0">0</subfield>
    <subfield code="7">1</subfield>
    <subfield code="b">PPAK</subfield>
    <subfield code="c">R</subfield>
    <subfield code="d">2018-10-25</subfield>
    <subfield code="o">R 956.1015 SHA</subfield>
    <subfield code="p">A01582890</subfield>
    <subfield code="r">2018-10-25 00:00:00</subfield>
    <subfield code="y">B</subfield>
  </datafield>
  <datafield tag="952" ind1=" " ind2=" ">
    <subfield code="0">0</subfield>
    <subfield code="7">1</subfield>
    <subfield code="b">SP</subfield>
    <subfield code="c">R</subfield>
    <subfield code="d">2018-10-25</subfield>
    <subfield code="o">R 956.1015 SHA</subfield>
    <subfield code="p">A01582891</subfield>
    <subfield code="r">2018-10-25 00:00:00</subfield>
    <subfield code="y">B</subfield>
  </datafield>
  <datafield tag="952" ind1=" " ind2=" ">
    <subfield code="0">0</subfield>
    <subfield code="7">1</subfield>
    <subfield code="b">KM</subfield>
    <subfield code="c">R</subfield>
    <subfield code="d">2019-02-19</subfield>
    <subfield code="o">R 956.1015 SHA</subfield>
    <subfield code="p">A01582892</subfield>
    <subfield code="r">2018-10-25 00:00:00</subfield>
    <subfield code="y">B</subfield>
  </datafield>
</record>
